Feline fun: hard - Statistics

General Stats
  • This quiz has been taken 25 times
  • The average score is 8 of 15
Answer Stats
Picture Answer % Correct
Lion
100%
Cheeta
94%
Siamese
94%
Tiger
88%
Maine coon
65%
Sphinx
65%
Calico
59%
Tabby
59%
bengal
41%
Persian
41%
Rag doll
35%
Russian blue
35%
Scottish fold
35%
American short hair
6%
Himalayan
0%
No matching quizzes found
Score Distribution
Percent of People with Each Score
Percentile by Number Answered
Your Score History
You have not taken this quiz